Statistics for 2002 Winter Olympics Countries Quiz

Click here to take the quiz!

General Stats

  • This quiz has been taken 37 times
    (35 since last reset)
  • The average score is 52 of 78

Answer Stats

AthletesCountry% Correct
27Australia
97%
150Canada
97%
77Norway
97%
202United States
97%
66China
94%
11Denmark
94%
103Japan
94%
11Argentina
91%
90Austria
91%
76Czech Republic
91%
98Finland
91%
157Germany
91%
49Great Britain
91%
3Mexico
91%
151Russia
91%
48South Korea
91%
7Spain
91%
102Sweden
91%
10Brazil
88%
27Netherlands
88%
110Switzerland
88%
6Belgium
85%
114France
85%
112Italy
85%
49Slovakia
85%
68Ukraine
85%
64Belarus
82%
6Iceland
82%
10New Zealand
82%
27Poland
82%
6Chile
79%
14Croatia
79%
6Ireland
79%
40Slovenia
79%
17Estonia
76%
25Hungary
76%
21Romania
76%
9Armenia
73%
23Bulgaria
73%
10Greece
73%
1India
73%
1South Africa
73%
4Azerbaijan
70%
2Bosnia and Herzegovina
70%
2Jamaica
70%
50Kazakhstan
70%
47Latvia
70%
8Lithuania
70%
3Turkey
70%
3Andorra
67%
2Iran
67%
4Mongolia
64%
4Georgia
61%
5Israel
58%
8Liechtenstein
58%
6Chinese Taipei
55%
5Monaco
55%
6Uzbekistan
55%
1Nepal
52%
4Venezuela
48%
1Thailand
45%
2Macedonia
42%
1San Marino
42%
1Tajikistan
42%
2Kyrgyzstan
39%
5Moldova
39%
1Kenya
36%
2Lebanon
36%
1Costa Rica
24%
1Cyprus
24%
1Fiji
18%
2Trinidad and Tobago
15%
1Cameroon
12%
2Puerto Rico
12%
6Yugoslavia
12%
1Bermuda
9%
2Hong Kong
6%
8Virgin Islands
3%

Score Distribution

Percentile by Number Answered

Percent of People with Each Score

Your Score History

You have not taken this quiz since the last reset